|
|
|
|
| LEADER |
00946cas a2200217 a 4500 |
| 001 |
AALejournalOSO000336 |
| 008 |
230101c9999 xx r poo 0 0eng d |
| 022 |
|
|
|a 0734-6875
|
| 022 |
|
|
|a 2053-7387
|
| 040 |
|
|
|a BD-DhAAL
|c BD-DhAAL
|
| 245 |
0 |
0 |
|h [electronic resource]
|a Music Therapy Perspectives
|
| 260 |
|
|
|b American Music Therapy Association
|
| 300 |
|
|
|a 1 online resource
|
| 362 |
0 |
|
|a Vol. 14, no. 1
|
| 500 |
|
|
|a <strong>Off-Campus Access:</strong> Athens ID and Password Required
|
| 500 |
|
|
|a <strong>On-Campus Access:</strong> No User ID or Password Required
|
| 506 |
|
|
|a Electronic access restricted to authorized BRAC University faculty, staff and students
|
| 538 |
|
|
|a Mode of access: Internet
|
| 650 |
|
4 |
|a Music Therapy
|
| 856 |
4 |
0 |
|z Full text available on Oxford Academic
|u https://academic.oup.com/mtp/issue
|
| 856 |
4 |
0 |
|z Off-campus access
|u https://go.openathens.net/redirector/bracu.ac.bd?url=https%3A%2F%2Facademic.oup.com%2Fmtp%2Fissue
|